书目信息 |
| 题名: |
无人飞行器总体方案设计及系统特性研究
|
|
| 作者: | 张国庆 , 贺翔 , 邢睿 著 | |
| 分册: | ||
| 出版信息: | 北京 北京理工大学出版社有限责任公司 2022 |
|
| 页数: | 152页 | |
| 开本: | 26cm | |
| 丛书名: | ||
| 单 册: | ||
| 中图分类: | V47 | |
| 科图分类: | ||
| 主题词: | 无人驾驶飞行器--设计 | |
| 电子资源: | ||
| ISBN: | 978-7-5763-0805-1 | |
| 000 | 01226nam0 2200253 450 | |
| 001 | 2248890363 | |
| 005 | 20220917133512.33 | |
| 010 | @a978-7-5763-0805-1@dCNY58.00 | |
| 100 | @a20220510d2022 em y0chiy50 ea | |
| 101 | 0 | @achi |
| 102 | @aCN@b110000 | |
| 105 | @aa z 000yy | |
| 200 | 1 | @a无人飞行器总体方案设计及系统特性研究@9wu ren fei xing qi zong ti fang an she ji ji xi tong te xing yan jiu@dOverall scheme design and system characteristics research of unmanned aerial vehicle@f张国庆,贺翔,邢睿著@zeng |
| 210 | @a北京@c北京理工大学出版社有限责任公司@d2022 | |
| 215 | @a152页@c图@d26cm | |
| 330 | @a本书共9章,涵盖了各类无人机(含折叠式的)关键的气动特性介绍与分析,三维铰链力矩的设计与计算,螺旋桨辅助设计及全机气动特性与噪声分析,高超声速乘波体外形的设计、计算与优化研究,仿生扑翼无人机的设计与气动特性研究,基于视觉的无人机位置估计方案和车载无人机自主着陆的控制方案等诸多研究领域。 | |
| 510 | 1 | @aOverall scheme design and system characteristics research of unmanned aerial vehicle@zeng |
| 606 | 0 | @a无人驾驶飞行器@x设计 |
| 690 | @aV47@v5 | |
| 701 | 0 | @a张国庆@9zhang guo qing@4著 |
| 701 | 0 | @a贺翔@9he xiang@4著 |
| 701 | 0 | @a邢睿@9xing rui@4著 |
| 801 | 0 | @aCN@b91MARC@c20220615 |
| 905 | @aZUCC@dV47@e10 | |
| 无人飞行器总体方案设计及系统特性研究=Overall scheme design and system characteristics research of unmanned aerial vehicle/张国庆,贺翔,邢睿著.-北京:北京理工大学出版社有限责任公司,2022 |
| 152页:图;26cm |
| ISBN 978-7-5763-0805-1:CNY58.00 |
| 本书共9章,涵盖了各类无人机(含折叠式的)关键的气动特性介绍与分析,三维铰链力矩的设计与计算,螺旋桨辅助设计及全机气动特性与噪声分析,高超声速乘波体外形的设计、计算与优化研究,仿生扑翼无人机的设计与气动特性研究,基于视觉的无人机位置估计方案和车载无人机自主着陆的控制方案等诸多研究领域。 |
| ● |
| 相关链接 |
|
|
|
正题名:无人飞行器总体方案设计及系统特性研究
索取号:V47/10
 
预约/预借
| 序号 | 登录号 | 条形码 | 馆藏地/架位号 | 状态 | 备注 |
| 1 | 2000895991 | 2000895991 | 第三书库/ [索取号:V47/10] | 在馆 | |
| 2 | 2000895992 | 2000895992 | 第三书库/ [索取号:V47/10] | 在馆 | |
| 3 | 2000895993 | 2000895993 | 第三书库/ [索取号:V47/10] | 在馆 |